Personnage mystère #18 - Statistiques

Statistiques générales
  • Ce quiz a été pris 321 fois
  • Le résultat moyen est 6 sur 7
Statistiques - réponses
Lettres Indices % Correct
FILEL Fille
99%
TETIPE Petite
99%
PANIL Lapin
87%
SEVILLERME Merveilles
84%
RACTES Cartes
83%
Nom du personnage Alice au pays des merveilles
80%
RACHEPLIE Chapelier
80%
Aucun quiz correspondant
Distribution des résultats
% des personnes avec chaque résultat
Percentile par nombre de réponses
Votre historique - résultats
Vous n’avez pas pris ce quiz